| 000 | 01066nam a2200301Ia 4500 | ||
|---|---|---|---|
| 008 | 130821s1966 mx gr spa | ||
| 040 |
_aCo-BoUCM _bspa |
||
| 041 | _aspa | ||
| 100 | 1 |
_aDorfman, Robert _9110945 |
|
| 245 | 1 | 3 |
_aEl sistema de precios _cRobert Dorfman ; traducido por Rubén Pimentel Rogerio |
| 260 |
_aMéxico D.F. (México) _bUteha _c1966 |
||
| 300 | _a303 páginas | ||
| 490 | 0 |
_aManuales Uteha _v295 |
|
| 500 | _aEjemplar No 2 Donación Álvaro Daza. | ||
| 500 | _aIndice al principio del texto.-- Bibliografía e índice alfabético al final del texto | ||
| 504 | _aIncluye bibliografía e índice alfabético. | ||
| 650 | 0 | 4 |
_aConsumo (Economía) _911731 |
| 650 | 0 | 4 |
_aEconomía _9174 |
| 650 | 0 | 4 |
_aMicroeconomía _919488 |
| 650 | 0 | 4 |
_aMonopolios _919732 |
| 650 | 0 | 4 |
_aOligopolios _920734 |
| 650 | 0 | 4 |
_aPrecios _922165 |
| 650 | 0 | 4 |
_aTeoría económica _925318 |
| 700 | 1 |
_aPimentel Rogelio, Ruben _etrad. _9110946 |
|
| 765 | _tThe prices system | ||
| 942 |
_cLIBRO _a7 _e1 _mD695s _2DEWEY _h330.1 |
||
| 999 |
_c6934 _d6934 |
||